000 00719nam a2200265Ia 4500
005 20260302114045.0
008 008 260114s9999 xx 000 0 eng d
020 _a9781350438347
037 _aTextbook
040 _aCRL
040 _beng
040 _cCRL
041 _2eng
041 _aeng
084 _qCRL
100 _aMarina F. Bykova
_91117630
245 0 _aAt the Vanishing Point in History Critical Perspectives on the Russia-Ukraine War
260 _bBloomsbury
260 _bBloomsbury Academic
260 _c2024
650 _aPhilosophy
856 _uhttps://doi.org/10.5040/9781350438347?locatt=label:secondary_bloomsburyCollections
942 _cEBOOK
999 _c1681189
_d1681189